000 00444pab a2200145 454500
008 180718b xxu||||| |||| 00| 0 eng d
100 _aRao Sangenn Ravishankar
245 _aFair price shops : is supply of essentials viable?
362 _a18 Oct 1994, p.8
650 _a Fair Price Shops -- India
650 _a Public Distribution System -- India
650 _aRationing, Consumer -- India
773 _aHindu (Business Line)
909 _a28016
999 _c28016
_d28016